000 00394nam a22001457a 4500
020 _a81-901726-0-3
082 _a001
_bRAJ/L
100 _aRAAJAGOPALEN
245 _aLEARN AND PLAY YOUR POPULAR HINDI SONGS
_bKEYBIARD AND GUITAR
250 _aFIRST REVISED EDITION
260 _aBANGALORE
_bSRS PUBLICATION
_c2003
300 _a165
650 _aMUSICAL INSTRUMENTS TRAINING
_zINDIA
942 _cBK
999 _c1936
_d1936